|
|
|
|
| LEADER |
00000nam a22000007a 4500 |
| 001 |
35918 |
| 003 |
CZ-ZlUTB |
| 005 |
20251006165643.0 |
| 006 |
m-----o--d-------- |
| 007 |
cr-|n- |
| 008 |
011024s1999 xxu | eng d |
| 020 |
|
|
|a 1884207774
|
| 040 |
|
|
|a ZLD002
|b cze
|c ZLD002
|
| 072 |
|
7 |
|a 678
|x Průmysl makromolekulárních látek. Gumárenský průmysl. Průmysl plastů
|2 Konspekt
|9 19
|
| 080 |
|
|
|a 678.5
|2 v
|
| 245 |
0 |
0 |
|a Conductive polymers and plastics in industrial applications
|h [elektronický zdroj]
|
| 260 |
|
|
|a Norwich :
|b Plastics Design Library,
|c 1999
|
| 300 |
|
|
|a 285 s.
|
| 538 |
|
|
|a Způsob přístupu: WWW
|
| 650 |
0 |
4 |
|a PLASTY
|
| 650 |
0 |
4 |
|a POLYMERY
|
| 650 |
0 |
4 |
|a vodivost
|
| 655 |
|
7 |
|a elektronické knihy
|7 fd186907
|2 czenas
|
| 655 |
|
7 |
|a sborníky
|7 fd163935
|2 czenas
|
| 700 |
1 |
|
|a Ruprecht, Larry
|4 edt
|
| 856 |
4 |
1 |
|u https://proxy.k.utb.cz/login?url=http://app.knovel.com/hotlink/toc/id:kpCPPIA00E/conductive-polymers-plastics
|
| 910 |
|
|
|a ZLD002
|
| 992 |
|
|
|a ER
|
| 999 |
|
|
|c 35918
|d 35918
|
| 993 |
|
|
|x NEPOSILAT
|y EIZ
|